00898 2200253 4500001002100000005001500021035002000036007000300056008004100059020002200100082001000122084001900132100002000151245007700171300002500248650001600273700002900289520019200318264004400510336002100554337003000575338002300605990001600628INLIS00000000004304320210819085724 a0010-0821000254ta210819 g 0 ind  a978-623-00-1851-0 a158.1 aSR 158.1 BAM o0 aBambang Udoyono1 aOne way ticket to happiness /cBambang Udoyono; penyunting, Julia Suzana a177 halaman ;c21 cm 4aKebahagiaan0 aJulia Suzanaepenyunting aDalam buku ini akan dipaparkan perenungan dan kiat-kiat mencapai kebahagiaan dunia akhirat. Buku ini memadukan renungan pemikiran, puisi, esai, dan catatan kejadian nyata dalam kehidupan. aJakarta :bElex Media Komputindo,c2020 2rdacontentateks 2rdamediaatanpa perantara 2rdacarrieravolume a47916.60736